Normal view
MARC view
- Financial statements
Entry Topical Term
001 - CONTROL NUMBER
- control field: 122041
003 - CONTROL NUMBER IDENTIFIER
- control field: NUST
005 - DATE AND TIME OF LATEST TRANSACTION
- control field: 20240311100143.0
008 - FIXED-LENGTH DATA ELEMENTS
- fixed length control field: 240311|| aca||aabn | a|a d
040 ## - CATALOGING SOURCE
- Original cataloging agency: NUST
- Transcribing agency: NUST
150 ## - HEADING--TOPICAL TERM
- Topical term or geographic name entry element: Financial statements
670 ## - SOURCE DATA FOUND
- Source citation: Work cat.: (NUST)349171: Wahlen, James M. 122040, Financial reporting, financial statement analysis, and valuation :, c2011.
